El Congo y la creación del estado independiente de este nombre (Record no. 165722)

MARC details
000 -LEADER
campo de control de longitud fija 01141nam a2200229 i 4500
001 - NÚMERO DE CONTROL
campo de control 165722
003 - IDENTIFICADOR DE NÚMERO DE CONTROL
campo de control ES-MaACL
005 - FECHA Y HORA DE LA ÚLTIMA TRANSACCIÓN
campo de control 20250911063601.0
008 - DATOS DE LONGITUD FIJA--INFORMACIÓN GENERAL
campo de control de longitud fija 960520q1896 sp af |||| | spa d
100 1# - ENTRADA PRINCIPAL--NOMBRE DE PERSONA
Nombre de persona Stanley, Henry M.,
Fechas asociadas al nombre 1841-1904
9 (RLIN) 107904
245 13 - MENCIÓN DEL TÍTULO
Título El Congo y la creación del estado independiente de este nombre
Resto del título : historia de los trabajos y exploraciones verificados /
Mención de responsabilidad, etc. por Enrique M. Stanley.
250 ## - MENCION DE EDICION
Mención de edición Espléndida edición, adornada con magníficos cromos, láminas sueltas, numerosos grabados intercalados en el texto y varios mapas...
260 ## - PUBLICACIÓN, DISTRIBUCIÓN, ETC.
Lugar de publicación, distribución, etc. Barcelona :
Nombre del editor, distribuidor, etc. Espasa y Compañía,
Fecha de publicación, distribución, etc. [ca. 1896]
300 ## - DESCRIPCIÓN FÍSICA
Extensión XXIV, 887 p., [29] h. de lám., 2 mapas pleg. :
Otras características físicas il. ;
Dimensiones 32 cm.
594 ## - Nota al título y mención de responsabilidad
Nota al título y mención de responsabilidad Henry Morton Stanley: seudónimo de John Rowlands.
596 ## - NOTA AL PIE DE IMPRENTA
NOTA AL PIE DE IMPRENTA Palau, XXII, 321999 fecha la obra hacia 1896.
651 #4 - PUNTO DE ACCESO ADICIONAL DE MATERIA--NOMBRE GEOGRÁFICO
Nombre geográfico Congo (República Democrática)-
Subdivisión general Historia.
9 (RLIN) 166738
651 #4 - PUNTO DE ACCESO ADICIONAL DE MATERIA--NOMBRE GEOGRÁFICO
Nombre geográfico Congo-
Subdivisión general Descripción.
9 (RLIN) 155223
752 ## - ENTRADA AGREGADA--NOMBRE JERÁRQUICO DEL LUGAR
País o entidad superior España -
Ciudad Barcelona
852 ## - LOCALIZACIÓN
Ubicación ES-MaACL
Número de control de estantería B-2134
Nota libre - Enc. editorial en tela roja con estampaciones en negro y dorado: "F. Jorba", deteriorada
Holdings
Estatus retirado Estado de pérdida Estado de daño No para préstamo Colección Biblioteca de origen Biblioteca actual Ubicación en estantería Fecha de adquisición Fuente de adquisición Total de préstamos Signatura topográfica completa Código de barras Visto por última vez Precio de reemplazo Tipo de ítem Koha
        Libros del s. XIX Biblioteca del Ateneo de Madrid Biblioteca del Ateneo de Madrid Sala Pardo Bazán 17/01/2008     B-2134 1173799 23/02/2023 23/02/2023 Libro impreso antiguo